000 00749nam a2200289Ia 4500
001 Para_1750
003 CHAP
008 220125s9999 xx 000 0 und d
010 _a200367
040 _cCHAP
090 _aD-16
110 _aBayer de México
_910996
245 _aPapa "El cultivo generoso" /
_c por Bayer de México
260 _aMéxico, D.F. :
_b Bayer de México
300 _a74
505 _aCONTIENE: Cassette
630 _aMATERIAL AUDIOVISUAL
_9165241
650 7 _aPapas
_xEnfermedades
_2
_985227
650 _aPapa
_x plagas
_985270
901 _aD-16
902 _aA
905 _a002004 S 0400000000 00
910 _a
942 _cPARA
942 _cPARA
_d1
999 _c200367
_d200367